• 首页
  • 本馆介绍
  • 公告通知
  • 最新文献
  • 馆藏检索
  • 电子资源
  • 读者导购
  • 参考咨询
  • 我的图书馆
  • 登录
  • 详细信息显示
  • 放入我的书架
  • 预约/预借图书
  • 作者相关作品
  • 分类相关作品
  • 丛书相关作品
  • 出版社相关作品

书目信息

  • 表格格式
  • 工作单格式
  • 卡片格式
题名:
书籍装帧入门
    
 
作者: 陈建军 著
分册:  
出版信息: 南宁   广西美术出版社  1996
页数: 48页
开本: 26cm
丛书名: 设计基础入门丛书
单 册:
中图分类: TS881
科图分类: 85.392
主题词: 装订--技术 , 装订
电子资源:
ISBN: 7-80625-086-7
000 00857nam2 2200289 45
001 0197004877
005 20040518150625.4
010    @a7-80625-086-7@dCNY10
100    @a19970228d1996 em y0chiy0121 ea
101 0  @achi
102    @aCN@b450000
105    @aa z 000yy
106    @ar
200 10 @a书籍装帧入门@Ashu ji zhuang zheng ru men@e[图册]@f陈建军著
210    @a南宁@c广西美术出版社@d1996
215    @a48页@d26cm
225 2  @a设计基础入门丛书
304    @a陈建军(1960~ ),山西太原人,广西艺术学院工艺系装璜专业广告教研室主任、副教授,中国美术家协会、中国包装装璜设计委员会会员
410  0 @120010@a设计基础入门丛书
540 1  @a装帧@Azhuang zheng
606 0  @a装订@x技术
606 0  @a装订
690    @aTS881
692    @a85.392
701  0 @a陈建军@Achen jian jun@4著
801  0 @aCN@bNLC@c19970429
905    @f1@b285594@dTS881@e28
    
    书籍装帧入门:[图册]/陈建军著.-南宁:广西美术出版社,1996
    48页;26cm.-(设计基础入门丛书)
    
    
    ISBN 7-80625-086-7:CNY10
    
●
相关链接 在E读中查询图书 在五车中查询图书 在当当中查询图书 在豆瓣中查询图书


正题名:书籍装帧入门     索取号:TS881/28         预约/预借

序号 登录号 条形码 馆藏地/架位号 状态 备注
1 0285594   002855949   第三借阅区/ [索取号:TS881/28] 在馆    
2 0285595   002855958   第二样本阅览室/ [索取号:TS881/28] 在馆    
唐山师范学院图书馆 欢迎您!
大连网信软件有限公司© 版权所有